00705nam a2200229 a 4500001001300000003000900013005001700022008004100039020001000080082001600090245006300106260004100169300000800210500003500218505002400253650002700277710002400304902000800328942000700336952011700343999001500460nice12345678IN_TiNIC20260116012423.0050524s1932 laha grp 000 0 eng  ac10000a207.54bHMS aHenry Martyn School of Islamicsb Annual Reports 1932-1945 aLahorebHenry Martyn Institutec1932 a00p aincludes index and biblioraphy2 aBibliography, Index aHenry Martyn Institute2 aHenry Martyn School bRBA cBK 001040708RareBook->aHMIbHMId2007-06-21g100.00l0o207.54 HMSp014898r2007-06-21v100.00w2005-05-24yBK c6960d6960